| 000 | 02738nam a2200409 a 4500 | ||
|---|---|---|---|
| 003 | CHAP | ||
| 005 | 20230421181337.0 | ||
| 007 | ta | ||
| 008 | 230421s2019 sp adbofr|||| 001 0 spa d | ||
| 020 | _a978-84-85699-41-4 | ||
| 020 | _a978-84-17526-58-0 | ||
| 040 |
_amxchpua _cCHAP _erda |
||
| 050 | 1 | 0 |
_aHG4026 _b.D53 2019 |
| 082 | 0 | 0 |
_a658.155 _bD53 2019 _220 |
| 245 | 1 | 0 |
_aDiagnóstico empresarial / _cAlicia Blanco González...[y otros] ; coordinadores Miguel Prado Román y Miguel Ángel Sánchez de Lara |
| 250 | _a1a edición | ||
| 264 |
_aEspaña : _bDELTA, _c2019 |
||
| 300 |
_axvi, 184 páginas : _bilustraciones, gráficas, tablas, mapas y fotos |
||
| 336 |
_2rdacontent _atexto _btxt |
||
| 337 |
_2rdamedia _asin medio _bn |
||
| 338 |
_2rdacarrier _avolumen _bnc |
||
| 504 | _aIncluye bibliografías | ||
| 505 | 0 | _aEstructura de las cuentas anuales -- Medidas para diagnosticar la situación económica-financiera de la empresa -- Factores relevantes dentro del diagnóstico del entorno empresarial -- Diagnóstico del impacto de los costes de personal en las cuentas de la empresa -- Diagnóstico de la actividad empresarial -- Diagnóstico de la situación financiera de la empresa -- Casos prácticos | |
| 520 | 2 | _aEn un mercado tan competitivo como el actual, las empresas tienen que estar constantemente desarrollando productos nuevos, servicios revolucionarios que les permitan diferenciarse de la competencia. Pero, para diferenciarse de la competencia también es importante mantener los costes bajos, ya que si no los clientes adquirirían los productos de estos que son más baratos. Además, hay que tener en cuenta que toda actividad empresarial se desarrolla en un entorno cambiante, donde las percepciones de los clientes pueden cambiar en cualquier instante. Debido a ello, se puede comprender por qué la actividad empresarial es un proceso tan difícil de gestionar. Esta obra pretende ofrecer al lector las herramientas fundamentales que le permitan diagnosticar los principales puntos fuertes y débiles de la empresa, así como numerosas estrategias que le ayuden a corregir las posibles deficiencias de la misma | |
| 650 | 1 | 3 |
_9186754 _aGestión de recursos |
| 650 | 1 | 3 |
_9148852 _aGestión administrativa |
| 650 | 1 | 3 |
_9186494 _aPlanificación financiera |
| 650 | 1 | 3 |
_9127770 _aEconomía financiera |
| 650 | 1 | 3 |
_9186755 _aResource management |
| 650 | 1 | 3 |
_9148850 _aAdministrative management |
| 650 | 1 | 3 |
_9186496 _aFinancial planning |
| 650 | 1 | 3 |
_9186756 _aFinancial economics |
| 700 | 1 |
_9186757 _aBlanco González, Alicia _eautora |
|
| 700 | 1 |
_9186758 _aPrado Román, Miguel _ecoordinador |
|
| 700 | 1 |
_9186759 _aSánchez de Lara, Miguel Ángel _ecoordinador |
|
| 942 |
_2ddc _cLibro |
||
| 999 |
_c218615 _d218615 |
||